000 00652nam a2200205 i 4500
001 88076
003 ES-MaACL
007 t|
008 050103s1945 sp ||||1| spa d
100 1 _aLa Fuye, Maurice de.
_969151
245 1 0 _aLuis XVI /
_cMaurice de La Fuye ; [versión española de Félix Archidona].
250 _a[1ª ed. española traducida de la original francesa].
260 _aZaragoza :
_bCronos,
_c1945 (
_fLibrería General)
300 _a414 p. ;
_c20 cm.
490 1 _aLa pluma ;
_v1
700 1 _aArchidona, Félix.
_922486
830 0 _aLa pluma ;
_v1
_9183299
852 _aES-MaACL
_jE-914
_bR.28521
999 _c88076
_d88076